| 000 | 00425nam a2200157 a 4500 | ||
|---|---|---|---|
| 001 | 000021550 | ||
| 005 | 20200930011349.0 | ||
| 008 | 100909s1973 dr 000 0 spa d | ||
| 040 |
_aDO-SdBNP _bspa _cBNPHU |
||
| 082 |
_axxx _bC352m |
||
| 100 | 1 |
_aCastillo, Alfredo _944914 |
|
| 245 | 1 | 0 |
_aManual del inmigrante / _cAlfredo Castillo. |
| 260 |
_aSanto Domingo : _bOffset, _c1973. |
||
| 300 |
_a132 p. ; _c22 cm. |
||
| 049 | _aBNPD | ||
| 999 |
_c21049 _d21049 |
||